Villes françaises traversées par le Rhône (mort subite) - Statistiques

Statistiques générales
  • Ce quiz a été pris 65 fois
  • Le résultat moyen est 4 sur 6
Answers on the Grid
Answers color-coded by a green-red scale on the quiz's grid according to % correct below.
Annecy
Chambéry
Lyon
Valence
Montélimar
Orange
Avignon
Nîmes
Arles
Marseille
 
Statistiques - réponses
Réponse % Correct
Lyon
98%
Avignon
66%
Montélimar
66%
Valence
63%
Orange
61%
Arles
54%
Aucun quiz correspondant
Distribution des résultats
% des personnes avec chaque résultat
Percentile par nombre de réponses
Votre historique - résultats
Vous n’avez pas pris ce quiz